000 00463nam a2200181Ia 4500
003 GCL
008 140319s9999 xx 000 0 eng d
040 _aGCL /
_cGCL
082 0 4 _a976.3
_bS L
100 1 _aSMITH, ANDY
245 1 0 _aLOUISIANA (VOL 2) /
_cSMITH, ANDY
700 1 _aSR. ANDREW M. SMITH
260 _a[S.N] :
_bLOUISIANA PROUD PRESS ،
_c1989
300 _a175 P
650 0 4 _aLOUISIANA - HISTORY
650 0 4 _aUNITED STATES
942 _2ddc
_cBK
999 _c12335
_d12335